Tâm lý học quản lý
Guardat en:
| Autor principal: | |
|---|---|
| Altres autors: | |
| Format: | Llibre |
| Idioma: | Vietnamese |
| Publicat: |
Thanh Hoá ; Tp. Hồ Chí Minh
Thanh Hoá ; Công ty Văn hoá Văn Lang
2019
|
| Matèries: | |
| Etiquetes: |
Afegir etiqueta
Sense etiquetes, Sigues el primer a etiquetar aquest registre!
|
| Thư viện lưu trữ: | Trung tâm Học liệu Lê Vũ Hùng, Trường Đại học Đồng Tháp |
|---|
| LEADER | 00908pam a22002898a 4500 | ||
|---|---|---|---|
| 001 | 00045068 | ||
| 005 | 20191018121021.0 | ||
| 008 | 130124s2011 ||||||viesd | ||
| 020 | # | # | |c 95000 |a 9786047441846 |
| 041 | 0 | # | |a vie |
| 082 | 1 | 4 | |b T120L |a 658.4 |
| 100 | 1 | # | |a Ngô, Kỳ |
| 245 | 1 | 0 | |a Tâm lý học quản lý |c Ngô Kỳ ; Bảo Thu (dịch) |
| 246 | # | # | |a Management psychology |
| 260 | # | # | |a Thanh Hoá ; Tp. Hồ Chí Minh |b Thanh Hoá ; Công ty Văn hoá Văn Lang |c 2019 |
| 300 | # | # | |a 303 tr. |c 21 cm. |
| 653 | # | # | |a Cuộc sống |
| 653 | # | # | |a Xã hội |
| 653 | # | # | |a Thành công |
| 653 | # | # | |a Quản lý |
| 653 | # | # | |a Giao tiếp |
| 653 | # | # | |a Kinh doanh |
| 700 | # | # | |a Bảo, Thu |
| 700 | # | # | |e Dịch |
| 852 | # | # | |j KM.0033328 |j KD.0026448 |j KM.0033854 |
| 910 | # | # | |d 18/10/2019 |
| 980 | # | # | |a Trung tâm Học liệu Lê Vũ Hùng, Trường Đại học Đồng Tháp |


